| 000 | 00900cam a2200277 a 4500 | ||
|---|---|---|---|
| 001 | 4444782 | ||
| 005 | 20200421093816.0 | ||
| 008 | 940929s1993 enk 001 0 eng | ||
| 010 | _a 94213743 | ||
| 020 |
_a0140423826 : _c£6.99 (CAN. $12.99 : U.S.A. $9.95) |
||
| 040 |
_aDLC _cDLC _dDLC |
||
| 050 | 0 | 0 |
_aPR4303 _b.M36 1993 |
| 082 | 0 | 0 |
_a821/.6 _220 |
| 100 | 1 |
_aBurns, Robert, _d1759-1796. _9225 |
|
| 240 | 1 | 0 |
_aPoems. _kSelections |
| 245 | 1 | 0 |
_aRobert Burns : _bselected poems / _cedited by Carol McGuirk. |
| 260 |
_aLondon ; _aNew York : _bPenguin Books, _c1993. |
||
| 300 |
_axxx, 335 p. ; _c20 cm. |
||
| 440 | 0 | _aPenguin classics | |
| 500 | _aIncludes indexes. | ||
| 651 | 0 |
_aScotland _xPoetry. _9571 |
|
| 700 | 1 |
_aMcGuirk, Carol. _9226 |
|
| 906 |
_a7 _bcbc _corignew _d3 _encip _f19 _gy-gencatlg |
||
| 942 |
_2ddc _cBK |
||
| 999 |
_c18 _d18 |
||